00379nam a2200145Ia 4500008004100000020001500041041001200056082001100068100001400079245007700093260002500170300000800195650001600203700001400219221030s9999 xx 000 0 und d a8120337190 aEnglish a105.23 aS. Sharma 0aCommunication Skills for Engineers & Scientistscby S. Sharma, B. Mishra bPHIaNew Delhic2011 a354 aMCA English aB. Mishra